Mêmes Français - Devine les Répliques #2 - Statistiques

Statistiques générales
  • Ce quiz a été pris 1 246 fois
  • Le résultat moyen est 8 sur 20
Statistiques - réponses
Par images Réponse % Correct
Ya pas de panneau
75%
OK
71%
YA
68%
Ça fait beaucoup là non
63%
Je veux faire l'amour
62%
Comment ça mon reuf
57%
Ok Let's Go
48%
Moi je suis coach
43%
Il est lent ce lait
41%
Ouais c'est Greg
41%
Hallucination Collective
38%
C'est le train de la hype
33%
Jordan T'es Mort
30%
Je Broie la langue de Molière
27%
Ma Bite
24%
Lebron James
18%
Quelle belle journée
16%
Chope
11%
Mais quelle horreur
4%
Fuck you very much
3%
Aucun quiz correspondant
Distribution des résultats
% des personnes avec chaque résultat
Percentile par nombre de réponses
Votre historique - résultats
Vous n’avez pas pris ce quiz